000 00525nam a2200193 a 4500
001 26635
003 CO-ViMGA
008 141112s2004 ck r 000 u spa d
020 _a9561318458
040 _aCO-ViMGA
_bspa
_cCO-ViMGA
082 0 4 _a863 P27m
100 1 _aPérez Galdós, Benito, 1843 - 1920.
_93670
245 1 0 _aMarianela /
_c Benito Pérez Galdós.
250 _a4a. ed.
260 _aChile :
_bEditorial Andrés Bello,
_c2006
300 _a211 p.; 19 cm.
650 1 4 _aNovela española
_9488
942 _2ddc
_cBK
999 _c9987
_d9987